[Event "Helsinki We HSK 130v A"]
[Site "Helsinki"]
[Date "2016.05.15"]
[Round "4"]
[White "Hallenberg, Sami"]
[Black "Joentakanen, Kullervo"]
[Result "0-1"]
[WhiteElo "2100"]
[BlackElo "2167"]
[PlyCount "74"]
[EventDate "2016.05.13"]
[EventType "swiss"]
[EventRounds "5"]
[EventCountry "FIN"]
[SourceTitle "EXT 2022"]
[Source "ChessBase"]
[SourceDate "2021.10.06"]
[SourceVersion "1"]
[SourceVersionDate "2021.10.06"]
[SourceQuality "1"]

1. e4 c6 2. d4 d5 3. e5 Bf5 4. Nc3 e6 5. g4 Bg6 6. Nge2 c5 7. Be3 Nc6 8. Nf4 cxd4 9. Bxd4 Bxc2 10. Qxc2 Nxd4 11. Qa4+ Nc6 12. Bb5 Nge7 13. Rc1 a6 14. Be2 g6 15. h4 Bg7 16. h5 Bxe5 17. hxg6 hxg6 18. Rxh8+ Bxh8 19. Nd3 Qa5 20. Qf4 d4 21. b4 Nxb4 22. Nxb4 Qxb4 23. Kf1 Rc8 24. Ne4 Rxc1+ 25. Qxc1 Kd7 26. Qf4 f5 27. gxf5 gxf5 28. Ng5 Bf6 29. Nh7 Nd5 30. Qb8 Be7 31. Bh5 Qb1+ 32. Kg2 Nc7 33. Bf3 d3 34. Bxb7 Kd6 35. Nf8 d2 36. Qc8 Qb5 37. Bxa6 Qc6+ 0-1

[Event "Helsinki We HSK 130v A"]
[Site "Helsinki"]
[Date "2016.05.14"]
[Round "3"]
[White "Tumanov, Dmitri"]
[Black "Hallenberg, Sami"]
[Result "1-0"]
[WhiteElo "2142"]
[BlackElo "2100"]
[PlyCount "73"]
[EventDate "2016.05.13"]
[EventType "swiss"]
[EventRounds "5"]
[EventCountry "FIN"]
[SourceTitle "EXT 2022"]
[Source "ChessBase"]
[SourceDate "2021.10.06"]
[SourceVersion "1"]
[SourceVersionDate "2021.10.06"]
[SourceQuality "1"]

1. d4 Nf6 2. c4 g6 3. Nc3 Bg7 4. e4 d6 5. Be2 0-0 6. Nf3 e5 7. d5 a5 8. Bg5 h6 9. Bh4 Na6 10. Nd2 Bd7 11. a3 Qe8 12. b3 Nh7 13. f3 f5 14. 0-0 h5 15. Bf2 Bh6 16. Qc2 Qe7 17. Rfb1 f4 18. b4 axb4 19. axb4 g5 20. Na4 g4 21. Qc3 Qg5 22. Nf1 Kh8 23. b5 Nb8 24. c5 Rg8 25. Rb2 gxf3 26. Bxf3 Bh3 27. Be1 Nd7 28. Raa2 Rxa4 29. Rxa4 Nxc5 30. Raa2 b6 31. Ra7 Nf6 32. Rxc7 Nfxe4 33. Bxe4 Nxe4 34. Qxh3 Nf6 35. Bh4 Qg6 36. Bxf6+ Qxf6 37. Qxh5 1-0

[Event "FIN-chT 1516"]
[Site "Finland"]
[Date "2015.11.07"]
[Round "5.8"]
[White "Lain, Luigi"]
[Black "Hallenberg, Sami"]
[Result "1-0"]
[WhiteElo "2187"]
[BlackElo "2108"]
[PlyCount "97"]
[EventDate "2015.09.12"]
[EventType "team-tourn"]
[EventRounds "11"]
[EventCountry "FIN"]
[SourceTitle "EXT 2017"]
[Source "ChessBase"]
[SourceDate "2016.10.25"]
[SourceVersion "1"]
[SourceVersionDate "2016.10.25"]
[SourceQuality "1"]
[WhiteTeam "Turku TuTS"]
[BlackTeam "Vantaa EtVaS"]
[WhiteTeamCountry "FIN"]
[BlackTeamCountry "FIN"]

1. d4 f5 2. g3 Nf6 3. Bg2 g6 4. Nf3 Bg7 5. 0-0 0-0 6. c4 d6 7. Nc3 Nc6 8. d5 Ne5 9. Nxe5 dxe5 10. e4 f4 11. f3 g5 12. g4 h5 13. h3 hxg4 14. hxg4 c6 15. dxc6 Qb6+ 16. Rf2 bxc6 17. b3 Rd8 18. Qe2 Be6 19. Ba3 Kf7 20. Na4 Qa5 21. Qe1 Qc7 22. Rd1 Bxg4 23. fxg4 Nxg4 24. Rfd2 Ne3 25. Rxd8 Rxd8 26. Rxd8 Qxd8 27. Bc5 Ng4 28. Qe2 Nf6 29. Bh3 Qh8 30. Kg2 Qh6 31. Bf2 g4 32. Bxg4 Qg6 33. Kh3 Qh7+ 34. Bh4 Nxe4 35. Bh5+ Kf8 36. Qg4 Bf6 37. Qg6 Qxg6 38. Bxg6 Nd6 39. Nc5 Kg7 40. Be4 Nxe4 41. Nxe4 Kg6 42. Nxf6 exf6 43. Kg4 f5+ 44. Kf3 Kf7 45. Bd8 Ke6 46. Bc7 Kf6 47. b4 a6 48. a4 Ke6 49. a5 1-0

[Event "Helsinki We LauttSK"]
[Site "Helsinki"]
[Date "2015.10.24"]
[Round "2"]
[White "Nystrom, Leif"]
[Black "Hallenberg, Sami"]
[Result "1/2-1/2"]
[WhiteElo "1965"]
[BlackElo "2121"]
[PlyCount "103"]
[EventDate "2015.10.23"]
[EventType "swiss"]
[EventRounds "5"]
[EventCountry "FIN"]
[SourceTitle "EXT 2022"]
[Source "ChessBase"]
[SourceDate "2021.10.06"]
[SourceVersion "1"]
[SourceVersionDate "2021.10.06"]
[SourceQuality "1"]

1. d4 Nf6 2. c4 g6 3. g3 Bg7 4. Bg2 0-0 5. Nf3 d6 6. 0-0 Nbd7 7. Nc3 c6 8. e4 e5 9. dxe5 Nxe5 10. Nxe5 dxe5 11. h3 Qc7 12. Be3 Re8 13. Qe2 Nd7 14. b4 Nf8 15. Qc2 Ne6 16. Ne2 Rf8 17. Rad1 f5 18. f4 fxe4 19. Qxe4 exf4 20. Nxf4 Ng5 21. Qc2 Bf5 22. Qc1 Ne4 23. g4 Nc3 24. gxf5 Nxd1 25. Rxd1 Rxf5 26. Ne6 Qe7 27. Nxg7 Qxg7 28. c5 Re8 29. b5 Qe7 30. Qc4+ Qe6 31. Qxe6+ Rxe6 32. Rd3 Kf8 33. Bf2 Re2 34. Rf3 Rxf3 35. Bxf3 Rxa2 36. bxc6 bxc6 37. Bxc6 a5 38. Kf1 a4 39. Bb5 a3 40. c6 Rc2 41. Bd4 a2 42. Ke1 Rc1+ 43. Kd2 a1Q 44. Bxa1 Rxa1 45. c7 Ra8 46. Bd7 Ke7 47. c8Q Rxc8 48. Bxc8 Kf6 49. Ke3 Kg5 50. Kf3 Kh4 51. Kf4 h5 52. Kf3 1/2-1/2

[Event "FIN-chT2 Gp2 1516"]
[Site "Finland"]
[Date "2015.09.13"]
[Round "2.2"]
[White "Hallenberg, Sami"]
[Black "Kapanen, Keijo"]
[Result "1-0"]
[WhiteElo "2115"]
[BlackElo "1957"]
[PlyCount "63"]
[EventDate "2015.09.12"]
[EventType "team-tourn"]
[EventRounds "6"]
[EventCountry "FIN"]
[SourceTitle "EXT 2017"]
[Source "ChessBase"]
[SourceDate "2016.10.25"]
[SourceVersion "1"]
[SourceVersionDate "2016.10.25"]
[SourceQuality "1"]
[WhiteTeam "Vantaa EtVaS II"]
[BlackTeam "Tampere Tammer IV"]
[WhiteTeamCountry "FIN"]
[BlackTeamCountry "FIN"]

1. e4 d6 2. d4 Nf6 3. Nc3 g6 4. Bg5 Bg7 5. Qd2 h6 6. Bh4 g5 7. Bg3 Nh5 8. Bc4 Nxg3 9. hxg3 Nc6 10. Nge2 e5 11. d5 Nd4 12. Nxd4 exd4 13. Ne2 0-0 14. 0-0-0 c5 15. dxc6 bxc6 16. Nxd4 Qb6 17. Nb3 a5 18. a4 d5 19. exd5 cxd5 20. Bb5 Be6 21. f4 gxf4 22. Qxf4 Rfc8 23. Nd4 Qc5 24. c3 Rab8 25. Rxh6 Qb4 26. Rd3 Rxb5 27. axb5 Qc4 28. Rd2 Bxh6 29. Qxh6 Re8 30. Qg5+ Kf8 31. Rf2 a4 32. Qf6 1-0

[Event "FIN-chT 1415"]
[Site "Finland"]
[Date "2015.03.15"]
[Round "11.8"]
[White "Hallenberg, Sami"]
[Black "Torkkola, Henri"]
[Result "0-1"]
[WhiteElo "2126"]
[BlackElo "2137"]
[PlyCount "90"]
[EventDate "2014.09.27"]
[EventType "team-tourn"]
[EventRounds "11"]
[EventCountry "FIN"]
[SourceTitle "EXT 2016"]
[Source "ChessBase"]
[SourceDate "2015.10.08"]
[SourceVersion "1"]
[SourceVersionDate "2015.10.08"]
[SourceQuality "1"]
[WhiteTeam "Vantaa EtVaS"]
[BlackTeam "Tampere Tammer"]
[WhiteTeamCountry "FIN"]
[BlackTeamCountry "FIN"]

1. e4 c6 2. d4 d5 3. e5 Bf5 4. Nf3 e6 5. Bd3 Bxd3 6. Qxd3 Qa5+ 7. Bd2 Qa6 8. Qxa6 Nxa6 9. 0-0 c5 10. dxc5 Bxc5 11. Nc3 Ne7 12. Na4 Bb4 13. c3 Ba5 14. b4 Bc7 15. b5 Nb8 16. Nc5 b6 17. Nd3 Nd7 18. Be3 Rc8 19. Bd4 0-0 20. Nd2 Bb8 21. f4 f6 22. exf6 gxf6 23. Rae1 Kf7 24. Re2 Nf5 25. Rfe1 Rfe8 26. g4 Nd6 27. a4 Nc4 28. Nf3 h6 29. h4 Nd6 30. Nd2 Nc5 31. Nxc5 bxc5 32. Bf2 f5 33. g5 Ne4 34. Nxe4 fxe4 35. Bg3 hxg5 36. hxg5 c4 37. Kg2 Kg6 38. Rh1 Rh8 39. Ree1 Kf5 40. Rxh8 Rxh8 41. Rh1 Rxh1 42. Kxh1 d4 43. g6 Kxg6 44. f5+ Kxf5 45. Bxb8 d3 0-1